To some aspects of ESP translation

Saved in:
Bibliographic Details
Main Author: Radvanská, Katarína
Format: Book Chapter
Language:English
Subjects:
Tags: Add Tag
No Tags, Be the first to tag this record!

MARC

LEADER 00000naa$a2200000$$$4500
001 0015117
005 20240502071401.0
041 0 |a eng 
044 |a SK 
245 1 0 |a To some aspects of ESP translation  |c Katarína Radvanská 
610 2 0 |a jazyky cudzie 
610 2 0 |a odbornosť 
610 2 0 |a prekladatelia 
610 2 0 |a metódy 
100 1 |a Radvanská, Katarína